Cities & Settlements of Namibia (With Map) - Statistics

General Stats
  • This quiz has been taken 217 times
  • The average score is 18 of 90
Answers on the Map
Answers color-coded by a green-red scale on the quiz's map according to % correct below.
 
Answer Stats
Settlement Population % Correct
Windhoek 325,858
97%
Walvis Bay 62,096
79%
Swakopmund 44,725
56%
Rundu 63,431
51%
Lüderitz 12,537
48%
Katima Mulilo 28,362
41%
Keetmanshoop 19,447
41%
Oshakati 36,541
40%
Rehoboth 28,843
38%
Mariental 12,478
36%
Otjiwarongo 28,249
36%
Grootfontein 16,302
34%
Tsumeb 19,275
34%
Gobabis 19,101
32%
Okahandja 22,639
32%
Aus 1,066
29%
Oranjemund 3,908
29%
Outjo 8,445
29%
Henties Bay 4,720
27%
Omaruru 6,300
26%
Ondangwa 22,822
25%
Arandis 5,170
23%
Karibib 5,132
23%
Maltahöhe 2,379
23%
Opuwo 7,657
23%
Outapi 6,437
23%
Eenhana 5,528
22%
Karasburg 4,401
22%
Otavi 5,242
22%
Uis 1,495
22%
Grünau 430
21%
Khorixas 6,796
21%
Usakos 3,583
21%
Noordoewer 2,026
19%
Divundu 746
18%
Nkurenkuru 618
18%
Ongwediva 20,260
18%
Ariamsvlei 622
16%
Gibeon 2,631
16%
Kalkrand 1,238
16%
Kamanjab 1,795
16%
Okakarara 4,709
16%
Rosh Pinah 5,518
16%
Ruacana 2,985
16%
Stampriet 1,947
16%
Aranos 3,683
15%
Aroab 1,660
15%
Bethanie 1,748
15%
Groot Aub 2,913
15%
Leonardville 1,191
15%
Tses 1,365
15%
Aussenkehr 4,522
14%
Helao Nafidi 19,375
14%
Kalkfeld 1,398
14%
Okahao 1,665
14%
Otjinene 2,102
14%
Tsumkwe 1,404
14%
Witvlei 1,768
14%
Berseba 784
12%
Koes 1,530
12%
Sesfontein 918
12%
Warmbad 317
12%
Oshivelo 1,930
11%
Tsandi 891
11%
Fransfontein 553
10%
Gochad 1,163
10%
Hoachanas 1,349
10%
Omawewozonyanda 583
10%
Omitara - Otjivero 703
10%
Onesi 320
10%
Oshikuku 2,761
10%
Osire 5,013
10%
Rietoog 312
10%
Schlip 963
10%
Bukalo 600
8%
Linyanti 896
8%
Ogongo 483
8%
Okalongo 1,114
8%
Okombahe 1,093
8%
Omuthiya 3,794
8%
Otjituuo 527
8%
Berg Aukas 330
7%
Okamatapati 255
7%
Okangwati 723
7%
Okongo 2,236
7%
Omungwelume 769
7%
Ondangwa East 4,845
7%
Ehangano 421
5%
Okandjatu 1,170
5%
Ongenga 454
5%
No matching quizzes found
Score Distribution
Percent of People with Each Score
Percentile by Number Answered
Your Score History
You have not taken this quiz